| 000 | 00482 a2200169 4500 | ||
|---|---|---|---|
| 999 |
_c5563 _d5563 |
||
| 020 | _a192016507X | ||
| 050 | _aPL8771 MMB 2006 | ||
| 100 | _aMmbi, M.N. | ||
| 245 |
_aKha ri ditongise : _bBugu ya mudededzi gireidhi 9 / _cM.N. Mmbi, N.R. Maphiri and H.N. Mutshaeni |
||
| 264 |
_aThohoyandou _bKalahari _c2006 |
||
| 300 | _a163p. : | ||
| 500 | _aTshivenda | ||
| 650 | _aTshivenda literature | ||
| 700 | _aMaphiri, N.R. | ||
| 700 | _aMutshaeni, H.N. | ||
| 942 |
_2lcc _cBK _h8771 _iMMB _kPL |
||